000 00457nam a2200193Ia 4500
005 20240823052217.0
008 240823s9999||||xx |||||||||||||| ||und||
020 _a978-81-907120-1-1
041 _aENGLISH
082 _A363.7 P9
100 _a"Raja Dr,"
245 0 _aGLobal Warming Its Impacts Preventive Measures
250 _a1st
260 _c2009
_bNal
500 _aYES
650 _aGlobal Warming
_bGeneral
942 _cBK
999 _c221335
_d221335